Erdélyi Lajos nyelvészeti munkássága bibliográfia /

Elmentve itt :
Bibliográfiai részletek
Szerző: Takáts Károlyné
További közreműködők: Erdélyi Lajos
Dokumentumtípus: Cikk
Megjelent: 1979
Sorozat:Acta Universitatis Szegediensis : sectio ethnographica et linguistica = néprajz és nyelvtudomány = étnografiâ i azykoznanie = Volkskunde und Sprachwissenschaft 22-23
Kulcsszavak:Nyelvtudomány - magyar - 1897-1931 - bibliográfia, Szakirodalmi források - nyelvészet - magyar - 1897-1931
Tárgyszavak:
Online Access:http://acta.bibl.u-szeged.hu/3615
LEADER 00969nab a2200217 i 4500
001 acta3615
005 20220906121441.0
008 161015s1979 hu o 0|| hun d
022 |a 0586-3716 
040 |a SZTE Egyetemi Kiadványok Repozitórium  |b hun 
041 |a hun 
100 1 |a Takáts Károlyné 
245 1 0 |a Erdélyi Lajos nyelvészeti munkássága   |h [elektronikus dokumentum] :  |b bibliográfia /  |c  Takáts Károlyné 
260 |c 1979 
300 |a 225-234 
490 0 |a Acta Universitatis Szegediensis : sectio ethnographica et linguistica = néprajz és nyelvtudomány = étnografiâ i azykoznanie = Volkskunde und Sprachwissenschaft  |v 22-23 
650 4 |a Bölcsészettudományok 
650 4 |a Nyelvek és irodalom 
695 |a Nyelvtudomány - magyar - 1897-1931 - bibliográfia, Szakirodalmi források - nyelvészet - magyar - 1897-1931 
700 0 1 |a Erdélyi Lajos 
856 4 0 |u http://acta.bibl.u-szeged.hu/3615/1/etno_lingu_022_023_225-234.pdf  |z Dokumentum-elérés